[Event "Nikaia op 28th"]
[Site "Nikaia"]
[Date "2021.08.27"]
[Round "7"]
[White "Lagaras, Stylianos"]
[Black "Petropoulos, Filaretos"]
[Result "1-0"]
[WhiteElo "1865"]
[BlackElo "1673"]
[PlyCount "89"]
[EventDate "2021.08.21"]
[EventType "swiss"]
[EventRounds "7"]
[EventCountry "GRE"]
[SourceTitle "CBM 204 Extra"]
[Source "ChessBase"]
[SourceDate "2021.11.30"]
[SourceVersion "1"]
[SourceVersionDate "2021.11.30"]
[SourceQuality "1"]

1. Nf3 c6 2. e4 d5 3. e5 Bg4 4. d4 e6 5. Be3 Ne7 6. Nbd2 Nf5 7. Bd3 Nxe3 8. fxe3 c5 9. c3 Bh5 10. 0-0 Be7 11. Qe1 Nd7 12. Qg3 Bg6 13. Bxg6 hxg6 14. e4 Nb6 15. Rae1 cxd4 16. cxd4 Bh4 17. Nxh4 Qxh4 18. Qxh4 Rxh4 19. g3 Rh8 20. exd5 Nxd5 21. Ne4 Ke7 22. Nd6 f6 23. Nxb7 Rab8 24. exf6+ gxf6 25. Nc5 Rxb2 26. Rxe6+ Kf7 27. h4 Re8 28. Rxe8 Kxe8 29. Rf2 Rb4 30. Rd2 f5 31. a3 Rc4 32. Rd3 Kf7 33. Kf2 Kf6 34. Kf3 Rc1 35. a4 Rc4 36. a5 Nb4 37. Rd2 Nc6 38. Ke3 Nxa5 39. Kd3 Rc1 40. Ra2 Nc6 41. Ra6 Rd1+ 42. Ke3 Rxd4 43. Rxc6+ Ke5 44. Nd3+ Kd5 45. Rc5+ 1-0